| 000 | 01284nam a2200313Ia 4500 | ||
|---|---|---|---|
| 001 | ebr10023306 | ||
| 003 | CaPaEBR | ||
| 006 | m u | ||
| 007 | cr cn||||||||| | ||
| 008 | 011005s2002 ctua sb 001 0 eng d | ||
| 010 | _z 2001053832 | ||
| 020 | _z0865693250 (alk. paper) | ||
| 020 | _z0865693269 (pbk. : alk. paper) | ||
| 040 |
_aCaPaEBR _cCaPaEBR |
||
| 035 | _a(OCoLC)614595645 | ||
| 050 | 1 | 4 |
_aRA781 _b.B488 2002eb |
| 082 | 0 | 4 |
_a613.7 _221 |
| 100 | 1 | _aBiller, Henry B. | |
| 245 | 1 | 0 |
_aCreative fitness _h[electronic resource] : _bapplying health psychology and exercise science to everyday life / _cHenry B. Biller. |
| 260 |
_aWestport, Conn. : _bAuburn House, _c2002. |
||
| 300 |
_axvi, 249 p. : _bill. |
||
| 504 | _aIncludes bibliographical references (p. [197]-226) and indexes. | ||
| 533 |
_aElectronic reproduction. _bPalo Alto, Calif. : _cebrary, _d2013. _nAvailable via World Wide Web. _nAccess may be limited to ebrary affiliated libraries. |
||
| 650 | 0 |
_aPhysical fitness _xPsychological aspects. |
|
| 650 | 0 |
_aExercise _xPsychological aspects. |
|
| 650 | 0 | _aClinical health psychology. | |
| 710 | 2 | _aebrary, Inc. | |
| 856 | 4 | 0 |
_uhttp://site.ebrary.com/lib/rucke/Doc?id=10023306 _zAn electronic book accessible through the World Wide Web; click to view |
| 999 |
_c22564 _d22564 |
||